Time of my life / (Record no. 5798)
[ view plain ]
| 000 -LEADER | |
|---|---|
| fixed length control field | 00886cam a22003017a 4500 |
| 001 - CONTROL NUMBER | |
| control field | 5798 |
| 003 - CONTROL NUMBER IDENTIFIER | |
| control field | BD-DhEWU |
| 005 - DATE AND TIME OF LATEST TRANSACTION | |
| control field | 20140622155816.0 |
| 008 - FIXED-LENGTH DATA ELEMENTS--GENERAL INFORMATION | |
| fixed length control field | 070411s2006 bg g 000 1 eng d |
| 020 ## - INTERNATIONAL STANDARD BOOK NUMBER | |
| International Standard Book Number | 9848715045 |
| International Standard Book Number | 9789848715048 |
| 025 ## - OVERSEAS ACQUISITION NUMBER | |
| Overseas acquisition number | B-E-2007-394256; 09 |
| 035 ## - SYSTEM CONTROL NUMBER | |
| System control number | (OCoLC)132687744 |
| 040 ## - CATALOGING SOURCE | |
| Original cataloging agency | DLC |
| Transcribing agency | DLC |
| Language of cataloging | eng |
| Modifying agency | BD-DhEWU |
| 041 ## - LANGUAGE CODE | |
| Language code of text/sound track or separate title | eng |
| 050 00 - LIBRARY OF CONGRESS CALL NUMBER | |
| Classification number | MLCS 2007/00610 (P) |
| -- | PR9420.9.R83 |
| 082 04 - DEWEY DECIMAL CLASSIFICATION NUMBER | |
| Classification number | 808.819144 |
| Item number | RUT 2006 |
| 100 0# - MAIN ENTRY--PERSONAL NAME | |
| Personal name | Rubana. |
| 9 (RLIN) | 12929 |
| 245 10 - TITLE STATEMENT | |
| Title | Time of my life / |
| Statement of responsibility, etc | Rubana. |
| 260 ## - PUBLICATION, DISTRIBUTION, ETC. (IMPRINT) | |
| Place of publication, distribution, etc | Dhaka : |
| Name of publisher, distributor, etc | Writers.ink : |
| -- | Distributed by University Press, |
| Date of publication, distribution, etc | 2006. |
| 300 ## - PHYSICAL DESCRIPTION | |
| Extent | 104 p. ; |
| Dimensions | 19 cm. |
| 500 ## - GENERAL NOTE | |
| General note | Poems. |
| 526 ## - STUDY PROGRAM INFORMATION NOTE | |
| Program name | English |
| 590 ## - LOCAL NOTE (RLIN) | |
| Local note | Sagar Shahanawaz |
| 856 42 - ELECTRONIC LOCATION AND ACCESS | |
| Materials specified | WorldCat details |
| Uniform Resource Identifier | https://www.worldcat.org/title/time-of-my-life/oclc/132687744&referer=brief_results |
| 942 ## - ADDED ENTRY ELEMENTS (KOHA) | |
| Source of classification or shelving scheme | Dewey Decimal Classification |
| Koha item type | Text |
| Withdrawn status | Lost status | Source of classification or shelving scheme | Damaged status | Not for loan | Collection code | Home library | Current library | Shelving location | Date acquired | Source of acquisition | Cost, normal purchase price | Total Checkouts | Full call number | Barcode | Copy number | Koha item type |
|---|---|---|---|---|---|---|---|---|---|---|---|---|---|---|---|---|
| Dewey Decimal Classification | Not For Loan | Fiction | Dr. S. R. Lasker Library, EWU | Dr. S. R. Lasker Library, EWU | Reserve Section | 10/02/2008 | Friends Book Corner | 138.00 | 808.819144 RUT 2006 | 21559 | C-1 | Text | ||||
| Dewey Decimal Classification | Fiction | Dr. S. R. Lasker Library, EWU | Dr. S. R. Lasker Library, EWU | Circulation Section | 10/02/2008 | Friends Book Corner | 138.00 | 808.819144 RUT 2006 | 21560 | C-2 | Text |